[Event "Catalunya-chT"]
[Site "Spain"]
[Date "1999.??.??"]
[Round "5"]
[White "Mena Sanroma, Artur"]
[Black "Buxade Roca, Guillermo"]
[Result "0-1"]
[WhiteElo "2020"]
[BlackElo "2315"]
[PlyCount "50"]
[EventDate "1999.??.??"]
[EventType "team"]
[EventRounds "9"]
[EventCountry "ESP"]
[SourceTitle "EXT 2000"]
[Source "ChessBase"]
[SourceDate "1999.11.16"]
[SourceVersion "1"]
[SourceVersionDate "1999.11.16"]
[SourceQuality "1"]

1. f4 d5 2. Nf3 b6 3. e3 Bb7 4. b3 Nf6 5. Bb2 Nbd7 6. Be2 e6 7. 0-0 Bd6 8. d3 Qe7 9. Nbd2 e5 10. fxe5 Nxe5 11. Nxe5 Bxe5 12. Bxe5 Qxe5 13. Rf3 Ng4 14. Nf1 0-0 15. d4 Qe7 16. Rg3 Nh6 17. Bd3 f5 18. Rf3 Rae8 19. h3 Kh8 20. Qd2 Rf6 21. Qf2 Bc8 22. a4 a5 23. Kh1 g6 24. g4 Rff8 25. Bb5 fxg4 0-1